Los conflictos de intereses y la corrupción contemporánea (Registro nro. 73603)

Detalles MARC
000 -ENCABEZADO
Número de control [NR] 00911nam a2200241Ia 4500
008 - DE LONGITUD FIJA DE DATOS DE ELEMENTOS - INFORMACIÓN GENERAL
Elementos de longitud fija [NR] 130821s2001 sp gr spa
020 ## - NUMERO INTERNACIONAL NORMALIZADO PARA LIBROS [R]
Número Internacional Normalizado del libro [NR] 84 8410 655 1
040 ## - FUENTE DE CATALOGACION [NR]
Agencia de catalogación original [NR] Co-BoUCM
Idioma de catalogación [NR] spa
041 00 - CODIGO DE IDIOMA [R]
Código de idioma para texto/pista de sonido o título separado [R] Español
100 1# - ASIENTO PRINCIPAL--NOMBRE PERSONAL [NR]
Nombre personal [NR] García Mexía, Pablo
ID Autoridad 128911
245 14 - MENCION DE TITULO [NR]
Título [NR] Los conflictos de intereses y la corrupción contemporánea
Mención de responsabilidad, etc. [NR] Pablo García Mexía ; prólogo Enrique Alonso García
260 ## - PUBLICACION, DISTRIBUCION, ETC. (PIE DE IMPRENTA) [R]
Lugar de publicación, distribución, etc. [R] Navarra (España)
Nombre del editor, distribuidor, etc. [R] Aranzadi Editorial
Fecha de publicación, distribución, etc. [R] 2001
300 ## - DESCRIPCION FISICA [R]
Extensión [R] 287 páginas
490 #0 - MENCION DE SERIE [R]
Mención de serie [R] Colección Divulgación Jurídica
504 ## - NOTA DE BIBLIOGRAFIA, ETC. [R]
Nota de bibliografía, etc. [NR]
650 ## - ASIENTO SECUNDARIO DE MATERIA - TERMINO TEMATICO [R]
Término temático o nombre geográfico como elemento de entrada [NR] Conflicto de intereses (Funcionarios y empleados)
9 (RLIN) 11567
650 ## - ASIENTO SECUNDARIO DE MATERIA - TERMINO TEMATICO [R]
Término temático o nombre geográfico como elemento de entrada [NR] Corrupción política
9 (RLIN) 12030
650 ## - ASIENTO SECUNDARIO DE MATERIA - TERMINO TEMATICO [R]
Término temático o nombre geográfico como elemento de entrada [NR] Derecho administrativo
9 (RLIN) 12695
650 ## - ASIENTO SECUNDARIO DE MATERIA - TERMINO TEMATICO [R]
Término temático o nombre geográfico como elemento de entrada [NR] Funcionarios públicos
9 (RLIN) 7643
700 1# - ASIENTO SECUNDARIO - NOMBRE PERSONAL [R]
Nombre personal [NR] Alonso García, Enrique
Término de relación [R]
9 (RLIN) 117812
942 ## - ELEMENTOS DE ENTRADA AGREGADOS (KOHA)
Tipo de ítem principal el descrito en 300a Libro
Sistema de clasificación DEWEY
Tema principal Derecho
Edición 1
Clasificación 342.0684
Parte restante de la signatura top. G216c
Existencias
Fecha de último préstamo Signatura topográfica Código de barras Última vez visto Ejemplar Price effective from Tipo de ítem Perdido Sistema de clasificación Dañado No prestable Tipo de ítem específico Suprimido Ubicación habitual Ubicación actual Localización Fecha de creación Forma de adquisición Costo
29/11/2011 342.0684 G216c 100121209 08/06/2024 Ej.1 03/02/2013 Libro   DEWEY     Libro   Bodega Bodega 3er piso 30/09/2011 Compra 0.00